000 00365nam a2200157Ia 4500
008 230524s9999 xx 000 0 und d
082 _a612
_bSAT
100 _aU.Satyanarayana
245 0 _aBiochemistry
250 _a2ND
260 _aCALCUTTA
_bBooks & Allied
_c2005
300 _aV;677
500 _aQuantity Number: 3
650 _aBiomedical
942 _cBK
999 _c35331
_d35331